10 Largest Peninsulas - Statistics

General Stats
  • This quiz has been taken 56 times
  • The average score is 7 of 10
Answer Stats
Hint Answer % Correct
West Asia Arabian
92%
South Europe Iberian
88%
East Africa Horn of Africa
86%
Southeast Asia Indochina
84%
South Europe Balkan
82%
North Europe Scandinavian
78%
South Asia Deccan
72%
North America Alaskan
60%
West Asia Anatolian
52%
North America Labrador
46%
No matching quizzes found
Score Distribution
Percent of People with Each Score
Percentile by Number Answered
Your Score History
You have not taken this quiz